000 02528nam0a2200373 4500
001 RU\NLR\BIBL_A\011815864
005 20181026155129.0
010 _a978-5-9228-1930-5
_9100
021 _aRU
_bКН-П-18-067296
_9КН-П-18-4848
035 _a(NLR Aleph) 011815864
035 _a(RuMoRGB)009740264
090 _a11939219
_c11939219
100 _a20181009d2018 um y0rusy50 ca
101 0 _arus
_aeng
102 _aRU
105 _aa|||j|||000zy
200 1 _aИнтегрированный курс английского языка для подготовки к профильным экзаменам. Excellence in Exams
_eучебное пособие
_fА. А. Петрова, Е. М. Караваева
_gпод редакцией Л. С. Пичковой
_aФедеральное государственное автономное образовательное учреждение высшего образовнаия "Московский государственный институт международных отношений (университет) Министерства иностранных дел Российской Федерации", Кафедра английского языка № 2
210 _aМосква
_cМГИМО-Университет
_d2018
215 _a467, [1] с.
_cил., табл.
_d29
225 1 _aБиблиотека абитуриента МГИМО
_fред. совет: А.В. Торкунов (пред.) [и др.]
300 _aЗагл. корешка: Интегрированный курс английского языка
516 1 _aИнтегрированный курс английского языка
517 1 _aExellence in Exams
606 1 _aАнглийский язык
_jУчебные издания для поступающих в высшие учебные заведения
_2nlr_sh2
_3RU\NLR\AUTH\6646032
606 1 _aАнглийский язык
_jУчебные издания для специализированных учебных заведений
_2nlr_sh2
_3RU\NLR\AUTH\6646032
686 1 _aШ143.21-93рус53
686 3 _aШ143.21-93рус221[11]
700 1 _aТарновская
_bМ. Л.
_gМарина Леонидовна
_3RU\NLR\AUTH\7741004
701 1 _aКараваева
_bЕ. М.
_gЕкатерина Михайловна
942 _cBOOK
980 _aNBR
980 _aNB